Tính phổ biến và đặc thù của con đường đi lên chủ nghĩa xã hội ở Việt Nam
Trình bày một số vấn đề lý luận về tính phổ biến và tính đặc thù của con đường đi lên chủ nghĩa xã hội ở Việt Nam. Phân tích thực tiễn vận dụng, phương hướng và giải pháp tiếp tục vận dụng hai đặc tính này trong xây dựng chủ nghĩa xã hội ở Việt Nam những thập niên đầu của thế kỉ 21...
Na minha lista:
| Outros Autores: | , , , , |
|---|---|
| Formato: | Livro |
| Idioma: | Vietnamese |
| Publicado em: |
H.
Chính trị Quốc gia
2013
|
| Assuntos: | |
| Tags: |
Adicionar Tag
Sem tags, seja o primeiro a adicionar uma tag!
|
| Thư viện lưu trữ: | Mạng thư viện Đại học Đà Nẵng |
|---|
| LEADER | 01980aam a22004218a 4500 | ||
|---|---|---|---|
| 001 | 000019876 | ||
| 003 | 16317 | ||
| 005 | 20141128091121.0 | ||
| 008 | 141119s2013 viesd | ||
| 020 | |c 40000đ |d 500b | ||
| 041 | 0 | |a vie | |
| 082 | 1 | 4 | |2 14 |a 335.009597 |b Tin |
| 245 | 0 | 0 | |a Tính phổ biến và đặc thù của con đường đi lên chủ nghĩa xã hội ở Việt Nam |c Nguyễn Hữu Đổng, Phạm Thế Lực (ch.b.), Vũ Hoàng Công... |
| 260 | |a H. |b Chính trị Quốc gia |c 2013 | ||
| 300 | |a 231 tr. |c 21 cm. | ||
| 500 | |a ĐTTS ghi: Học viện Chính trị - Hành chính Quốc gia Hồ Chí Minh. Viện Chính trị học | ||
| 504 | |a Thư mục: tr. 225-229 | ||
| 520 | |a Trình bày một số vấn đề lý luận về tính phổ biến và tính đặc thù của con đường đi lên chủ nghĩa xã hội ở Việt Nam. Phân tích thực tiễn vận dụng, phương hướng và giải pháp tiếp tục vận dụng hai đặc tính này trong xây dựng chủ nghĩa xã hội ở Việt Nam những thập niên đầu của thế kỉ 21 | ||
| 650 | 7 | |2 Bộ TK TVQG | |
| 650 | 0 | 4 | |2 Bộ TK TVQG |a Chủ nghĩa xã hội |x Tính phổ biến |z Việt Nam |
| 651 | 7 | |2 Bộ TK TVQG |a Việt Nam | |
| 653 | |a Tính đặc thù | ||
| 653 | |a Chủ nghĩa xã hội | ||
| 700 | 1 | |a Nguyễn Hữu Đổng |e ch.b. | |
| 700 | 1 | |a Nguyễn Hùng Hậu | |
| 700 | 1 | |a Phạm Thế Lực |e ch.b. | |
| 700 | 1 | |a Vũ Hoàng Công | |
| 700 | 1 | |a Nguyễn Văn Huyên | |
| OWN | |a LSP | ||
| AVA | |a UDN50 |b LSP |d 335.009597 Tin |e available |t Error 5001 Not defined in file expand_doc_bib_avail. |f 5 |g 0 |h N |i 0 |k 1 | ||
| 999 | |a From the UDN01 | ||
| AVA | |a UDN50 |b LSP |d 335.009597 Tin |e available |t Error 5001 Not defined in file expand_doc_bib_avail. |f 5 |g 0 |h N |i 0 |k 1 | ||
| TYP | |a Monograph | ||
| TYP | |a Printed language | ||
| 980 | |a Mạng thư viện Đại học Đà Nẵng | ||